000 00633nam a22002177a 4500
003 UA-OsUOA
001 110905
007 ta
008 20150415b un ||||| |||| 00| 0 ukr d
100 _aКуцевол О.
090 _a82
_bК95
942 _cSA
040 _aUA-OsUOA
_bukr
_cUA-OsUOA
_dUA-OsUOA
245 _aПостать Великого Кобзаря в бібліографічному полі літературної шевченкіани
300 _aС.3-7
955 _a0
041 _aukr
080 _a82
773 0 _w110904
650 7 _a82 Література. Літературознавство
_2UDC
999 _c397156
_d397156